Leer la naturaleza
Saved in:
| Hovedforfatter: | |
|---|---|
| Format: | Bog |
| Sprog: | spansk |
| Udgivet: |
Madrid
Casimiro Libros
2014
|
| Udgivelse: | 1a. ed |
| Fag: | |
| Tags: |
Tilføj Tag
Ingen Tags, Vær først til at tagge denne postø!
|
MARC
| LEADER | 00000cam a2200000 a 4500 | ||
|---|---|---|---|
| 001 | UCE1140 | ||
| 003 | CL-VaPUC | ||
| 008 | 140331e20140000sp |||||||||||||||||spa|d | ||
| 020 | |a 9788415715351 | ||
| 082 | 0 | 4 | |a 759.4 |b CEZ |2 21 |
| 100 | 0 | |a Cézanne, Paul |e author |9 267026 | |
| 245 | 1 | 0 | |a Leer la naturaleza |
| 250 | |a 1a. ed | ||
| 300 | |a 85 p | ||
| 942 | |c BK | ||
| 945 | |d 20140331 09:48:00 |a dcastane | ||
| 260 | |a Madrid |b Casimiro Libros |c 2014 | ||
| 650 | 0 | |a Biografías |9 255210 | |
| 650 | 0 | |a Pintores franceses |9 340354 | |
| 650 | 0 | |a Pintura francesa |9 266122 | |
| 650 | 0 | |a Postimpresionismo |9 407295 | |
| 583 | |a last modification |c 20140331 09:48:00 |k Rodrigo Vera | ||
| 999 | |c 355047 |d 355045 | ||
| 952 | |0 0 |1 0 |3 erb |4 0 |6 759_400000000000000_CEZ_2014 |7 0 |8 A |9 461396 |a BIBART |b BIBART |i 5064880 |l 1 |o 759.4 CEZ 2014 |p 5064880 |r 2025-03-13 |s 2023-04-26 |w 2019-11-23 |y BK |z Catalogado en:20140331 |k ART | ||